[Event "Hastings7980"]
[Site "Hastings"]
[Date "1979.??.??"]
[Round "12"]
[White "Speelman, Jonathan S"]
[Black "Biyiasas, Peter"]
[Result "0-1"]
[WhiteElo "2470"]
[BlackElo "2485"]

1.d4 Nf6 2.c4 g6 3.Nc3 Bg7 4.Nf3 O-O 5.g3 d6 6.Bg2 Bg4 7.h3 Bxf3 8.Bxf3 Nc6
9.O-O Nd7 10.Bg2 Rb8 11.Be3 e5 12.dxe5 Ndxe5 13.Qa4 Nd7 14.Qc2 a5 15.Rfd1 Nb4
16.Qd2 Nc5 17.Rab1 Re8 18.b3 Bxc3 19.Qxc3 Ne4 20.Bxe4 Rxe4 21.Bd4 Rxe2 22.Re1 Re6
23.Bg7 Nc6 24.h4 Qe7 25.Kg2 Re8 26.Bf6 Qd7 27.h5 Ne5 28.Bxe5 Rxe5 29.Rxe5 Rxe5
30.hxg6 hxg6 31.Qf3 Rh5 32.g4 Rg5 33.Kg3 Qe6 34.Rd1 f5 35.Qxb7 f4+ 36.Kxf4 Qxg4+
37.Ke3 Qxd1  0-1

[Event "Hastings7980"]
[Site "Hastings"]
[Date "1979.??.??"]
[Round "13"]
[White "Stean, Michael"]
[Black "Speelman, Jonathan S"]
[Result "1/2-1/2"]
[WhiteElo "2540"]
[BlackElo "2470"]

1.c4 e5 2.Nc3 Nf6 3.Nf3 Nc6 4.g3 g6 5.d4 exd4 6.Nxd4 Bg7 7.Bg2 O-O 8.O-O Nxd4
9.Qxd4 d6 10.Rd1 Be6 11.Bxb7 Nd5 12.Qd3 Nxc3 13.bxc3 Rb8 14.Bd5 Qf6 15.Be3 Qxc3
16.Qxc3 Bxc3 17.Rac1 Bg7 18.Rb1 a5 19.Rb5 a4 20.Rdb1 Rxb5 21.Rxb5 c6 22.Bxc6 Bxc4
23.Rb4 Bxa2 24.Rxa4 Be6  1/2-1/2

[Event "Hastings7980"]
[Site "Hastings"]
[Date "1979.??.??"]
[Round "14"]
[White "Speelman, Jonathan S"]
[Black "Andersson, Ulf"]
[Result "1/2-1/2"]
[WhiteElo "2470"]
[BlackElo "2560"]

1.c4 c5 2.Nf3 Nf6 3.Nc3 b6 4.e3 e6 5.a3 Be7 6.d4 cxd4 7.exd4 d5 8.cxd5 Nxd5
9.Bb5+ Bd7 10.Bd3 Nxc3 11.bxc3 Nc6 12.O-O Bf6 13.Re1 Ne7 14.Ng5 Bc6 15.Qh5 g6
16.Qh3 Qd7 17.a4 h6 18.Ne4 Bg7 19.Bf4 Bxe4 20.Rxe4 a6 21.Rae1 b5 22.axb5 axb5
23.Rb1 Nd5 24.Bd2 Rb8 25.c4 Nf6 26.Ree1 O-O 27.Bf4 Rbd8 28.d5 Nh5 29.Be3 bxc4
30.dxe6 Qxd3 31.e7 c3 32.Qf3 Qc4 33.Rb6 Rc8 34.exf8=Q+ Bxf8 35.g3 c2 36.Rb7 Ng7
37.Kg2 Nf5 38.Bc1 Nd4 39.Qg4 h5 40.Qd7 h4 41.Re4 Rd8 42.Qxd8 h3+ 43.Kxh3 Qf1+
44.Kg4 Qd1+ 45.Kh3  1/2-1/2

[Event "Hastings7980"]
[Site "Hastings"]
[Date "1979.??.??"]
[Round "15"]
[White "Bellin, Robert"]
[Black "Speelman, Jonathan S"]
[Result "0-1"]
[WhiteElo "2425"]
[BlackElo "2470"]

1.e4 c6 2.d4 d5 3.Nd2 dxe4 4.Nxe4 Nf6 5.Ng3 g6 6.Nf3 Bg7 7.Be2 O-O 8.O-O Bg4
9.h3 Bxf3 10.Bxf3 Nbd7 11.Re1 Re8 12.b3 e5 13.Bb2 Qa5 14.dxe5 Nxe5 15.Rxe5 Rxe5
16.Bxe5 Qxe5 17.Rb1 Re8 18.Qd2 Bf8 19.Kf1 Qb5+ 20.Kg1 Qc5 21.Rd1 h5 22.Qd4 Re1+
23.Nf1 Qxd4 24.Rxd4 Bc5 25.Rc4 Bb6 26.g4 hxg4 27.hxg4 Nd7 28.Kg2 Ne5 29.Rf4 g5
30.Rf5 Bd8 31.Rxe5 Rxe5 32.Ng3 Re1 33.Ne4 Be7 34.Nd2 Kf8 35.Nc4 Ke8 36.Ne3 Bc5
37.Nd1 Bd4 38.a4 a5 39.Kh2 Kd7 40.Kg2 Kd6 41.c3 Be5 42.b4 axb4 43.cxb4 Bd4  0-1

[Event "Aaronson Masters"]
[Site "London"]
[Date "1979.??.??"]
[Round "1"]
[White "Speelman, Jonathan S"]
[Black "Gruchacz, Robert"]
[Result "1-0"]
[WhiteElo "2470"]
[BlackElo "2355"]

1.e4 c5 2.Nf3 e6 3.d4 cxd4 4.Nxd4 Nf6 5.Nc3 d6 6.Be3 Nc6 7.Qe2 e5 8.Nb3 a5
9.Nd5 Nxd5 10.exd5 Ne7 11.Qb5+ Bd7 12.Bb6 Bxb5 13.Bxb5+ Qd7 14.Bxd7+ Kxd7
15.Bxa5 Nxd5 16.O-O-O Nf4 17.g3 Ne6 18.Kb1 Be7 19.Rd5 Kc6 20.c4 b6 21.Bb4 Nc7
22.Rd2 Rhe8 23.Rhd1 Rad8 24.Na1 d5 25.cxd5+ Nxd5 26.Bxe7 Rxe7 27.Nc2 Red7
28.Kc1 Kb7 29.Nb4 Nf6 30.Rxd7+ Nxd7 31.Rd5 Rc8+ 32.Kd2 Rc7 33.f3 f6 34.Rd6 Nc5
35.Ke3 Rf7 36.Nd5 Rd7 37.Rxb6+ Ka7 38.b4 Rxd5 39.bxc5 Rxc5 40.Re6 Rc7 41.h4 Rd7
42.h5 h6 43.a4 Kb7 44.a5 Ka7 45.g4 Kb7 46.a6+  1-0

[Event "Aaronson Masters"]
[Site "London"]
[Date "1979.??.??"]
[Round "3"]
[White "Speelman, Jonathan S"]
[Black "Caldwell, Susan L"]
[Result "1-0"]
[WhiteElo "2470"]
[BlackElo "2075"]

1.e4 Nf6 2.e5 Nd5 3.Bc4 Nb6 4.Bb3 d6 5.d4 dxe5 6.Qh5 e6 7.dxe5 Nc6 8.Nf3 Nd4
9.Nxd4 Qxd4 10.Qe2 Bd7 11.f4 Bc6 12.Nc3 Bb4 13.Bd2 Bxc3 14.bxc3 Qe4 15.Qxe4 Bxe4
16.c4 O-O-O 17.Be3 Bxg2 18.Rg1 Be4 19.Rxg7 Bg6 20.Kf2 Rd7 21.h4 Kd8 22.Rg1 h5
23.f5 exf5 24.e6 f4 25.Bxb6  1-0

[Event "Aaronson Masters"]
[Site "London"]
[Date "1979.??.??"]
[Round "4"]
[White "Plaskett, Jim"]
[Black "Speelman, Jonathan S"]
[Result "1-0"]
[WhiteElo "2410"]
[BlackElo "2470"]

1.e4 c5 2.Nf3 e6 3.d4 cxd4 4.Nxd4 Nc6 5.Nc3 a6 6.Be2 Nge7 7.O-O Nxd4 8.Qxd4 Nc6
9.Qd3 Qc7 10.Be3 b5 11.f4 Bb7 12.Rad1 Be7 13.a4 Nb4 14.Qd2 Nxc2 15.Qxc2 b4
16.Rd4 d5 17.exd5 Bxd5 18.Bc4 bxc3 19.Qxc3 Qb7 20.Rfd1 Bc6 21.f5 exf5 22.Rd6 Bxd6
23.Rxd6 O-O 24.Rxc6 f4 25.Bxf4 Rac8 26.Rxc8 Rxc8 27.b3 Qe4 28.Qe3 Qb1+ 29.Qc1 Qe4
30.Qe3 Qb1+ 31.Qc1 Qe4 32.h3 Re8 33.Bxa6 Qb4 34.Qc4 Qb6+ 35.Kh2 h5  1-0

[Event "Aaronson Masters"]
[Site "London"]
[Date "1979.??.??"]
[Round "5"]
[White "Speelman, Jonathan S"]
[Black "Norman, Kenneth I"]
[Result "1-0"]
[WhiteElo "2470"]
[BlackElo "2240"]

1.Nf3 g6 2.e4 Bg7 3.d4 c5 4.dxc5 Qa5+ 5.Nfd2 Qxc5 6.Nb3 Qc7 7.Be2 Nf6 8.Nc3 d6
9.Bg5 Nbd7 10.Qd2 b6 11.f3 Bb7 12.Nb5 Qb8 13.c4 O-O 14.O-O a6 15.Nc3 Nc5
16.Nd4 Ne6 17.Be3 Nxd4 18.Bxd4 Bc6 19.b4 b5 20.Nd5 Bxd5 21.cxd5 Qb7 22.a4 Rfc8
23.Ra2 Ne8 24.Bxg7 Kxg7 25.Qd4+ Kg8 26.axb5 axb5 27.Rfa1 Rxa2 28.Rxa2 Rc1+
29.Kf2 Nc7 30.Qe3 Rb1 31.Qa7 Qxa7+ 32.Rxa7  1-0

[Event "Aaronson Masters"]
[Site "London"]
[Date "1979.??.??"]
[Round "7"]
[White "Speelman, Jonathan S"]
[Black "Watson, John L"]
[Result "1-0"]
[WhiteElo "2470"]
[BlackElo "2375"]

1.e4 e6 2.Qe2 b6 3.b3 Bb7 4.Bb2 c5 5.Nf3 Nf6 6.e5 Nd5 7.g3 Nc6 8.Bg2 Be7
9.O-O g5 10.c4 Ndb4 11.Rc1 g4 12.Ne1 f5 13.a3 Na6 14.b4 cxb4 15.d4 Na5 16.Bxb7 Nxb7
17.c5 Nc7 18.axb4 bxc5 19.bxc5 Kf7 20.Nc3 h5 21.d5 Bxc5 22.Rd1 Qc8 23.Na4 Nxd5
24.Rxd5 exd5 25.Qd3 Qc6 26.Qxf5+ Ke8 27.Nxc5 Nxc5 28.e6 Rf8 29.Qg6+ Kd8 30.Bf6+ Kc7
31.Be5+ Kd8 32.Rc1 Qxe6 33.Qg5+ Qe7 34.Bc7+ Ke8 35.Qxd5 Rc8 36.Bd6 Qf7 37.Qe5+ Kd8
38.Nd3 Qf6 39.Bxf8 Qxe5 40.Nxe5 Ne6 41.Be7+ Kxe7 42.Rxc8  1-0

[Event "BCF-ch"]
[Site "Brighton"]
[Date "1980.08.04"]
[Round "1"]
[White "Speelman, Jonathan S"]
[Black "Cafferty, Bernard"]
[Result "1-0"]
[WhiteElo "2490"]
[BlackElo "2305"]

1.d4 Nf6 2.Nf3 e6 3.g3 b6 4.Bg2 Bb7 5.O-O Be7 6.c4 d5 7.cxd5 exd5 8.Qa4+ c6
9.Nc3 O-O 10.Bf4 Na6 11.Ne5 c5 12.Rad1 cxd4 13.Qxd4 Nc7 14.Qa4 Bd6 15.Nd3 Re8
16.e3 h6 17.Rd2 a5 18.Qb3 g5 19.Bxd6 Qxd6 20.Nc1 b5 21.a3 b4 22.axb4 axb4
23.N3e2 Ne4 24.Rd4 Nb5 25.Rdd1 Ba6 26.Rxd5 Qe7 27.Qd1 Rac8 28.Nd3 Nf6 29.Re5 Qd6
30.Rxe8+ Rxe8 31.Nec1 Nc7 32.Qb3 Ne4 33.Rd1 Bxd3 34.Nxd3 Na6 35.Qa4 Re6 36.Nf4 Nec5
37.Rxd6 Nxa4 38.Rd8+ Kg7 39.Nxe6+  1-0

[Event "BCF-ch"]
[Site "Brighton"]
[Date "1980.08.06"]
[Round "3"]
[White "Speelman, Jonathan S"]
[Black "Flear, Glenn C"]
[Result "0-1"]
[WhiteElo "2490"]
[BlackElo "2320"]

1.Nf3 d5 2.g3 Nf6 3.Bg2 e6 4.O-O Be7 5.c4 O-O 6.d4 Nbd7 7.Nc3 dxc4 8.e4 c6
9.a4 a5 10.Qe2 Nb6 11.Rd1 Bb4 12.Ne5 Qe7 13.Be3 c5 14.h3 Bd7 15.dxc5 Bxc5
16.Bg5 Bc8 17.Bh4 Qc7 18.Bxf6 gxf6 19.Ng4 Qxg3 20.Nxf6+ Kh8 21.e5 Nd5 22.Nce4 Qxe5
23.Ng4 Qg7 24.Nxc5 b6 25.Nxe6 fxe6 26.Qxc4 h5 27.Bxd5 exd5 28.Rxd5 Bf5 29.Kg2 Rac8
30.Qd4 hxg4 31.hxg4 Qxd4 32.Rxd4 Be6 33.Re1 Rc4 34.Rxc4 Bxc4 35.Kg3 Bb3 36.Re4 Kg7
37.f4 Rc8 38.Re7+ Kf6 39.Rb7 Rc6 40.Kh4 Bxa4 41.Rh7 Kg6 42.Rb7 Rd6 43.f5+ Kf6
44.Rb8 Bd7 45.Rf8+ Ke7 46.Rb8 Kf6 47.Rf8+ Ke7 48.Rb8 a4 49.Kg5 b5 50.Rb7 Rd4
51.Rb6 Rb4 52.Ra6 Rxb2 53.Kg6 Be8+ 54.Kg7 Rg2 55.f6+ Kd7 56.Kf8 Bg6 57.Rb6 Bd3
58.f7 Bc4  0-1

[Event "BCF-ch"]
[Site "Brighton"]
[Date "1980.08.07"]
[Round "4"]
[White "Cummings, David H"]
[Black "Speelman, Jonathan S"]
[Result "0-1"]
[WhiteElo "2280"]
[BlackElo "2490"]

1.c4 Nf6 2.Nf3 e6 3.g3 d5 4.Bg2 Be7 5.O-O O-O 6.b3 Nbd7 7.Bb2 a5 8.Nc3 Nb6
9.d3 a4 10.Rb1 Re8 11.e4 axb3 12.axb3 Nfd7 13.Qe2 dxc4 14.dxc4 e5 15.Rfd1 Bb4
16.Nb5 c6 17.Nd6 Bxd6 18.Rxd6 Qe7 19.Rbd1 Ra2 20.Qc2 Nc5 21.Qb1 Ra8 22.Bxe5 Bg4
23.Bf4 Ra3 24.Be3 Rxb3 25.Qc2 Nba4 26.R6d4 Rb2 27.Qc1 Nb3  0-1

[Event "BCF-ch"]
[Site "Brighton"]
[Date "1980.08.08"]
[Round "5"]
[White "Speelman, Jonathan S"]
[Black "Taulbut, Shaun M"]
[Result "1-0"]
[WhiteElo "2490"]
[BlackElo "2375"]

1.e4 g6 2.h4 d5 3.exd5 Nf6 4.h5 Bg7 5.h6 Bf8 6.Bb5+ Bd7 7.Bc4 Bg4 8.f3 Bc8
9.Nc3 c6 10.dxc6 Nxc6 11.d4 Nxd4 12.Nge2 Be6 13.Bxe6 Nxe6 14.Qxd8+ Rxd8 15.Be3 a6
16.Rh4 Nd7 17.Nd4 Nc7 18.Nb3 e6 19.Rd1 b5 20.Rhd4 b4 21.Bf4 bxc3 22.Bxc7 Rc8
23.Rxd7 cxb2 24.Rd8+ Rxd8 25.Rxd8+ Ke7 26.Rd1 Bxh6 27.Bd6+ Kf6 28.Rb1  1-0

[Event "BCF-ch"]
[Site "Brighton"]
[Date "1980.08.12"]
[Round "8"]
[White "Nunn, John DM"]
[Black "Speelman, Jonathan S"]
[Result "1/2-1/2"]
[WhiteElo "2515"]
[BlackElo "2490"]

1.e4 c5 2.Nf3 Nc6 3.d4 cxd4 4.Nxd4 Nf6 5.Nc3 d6 6.Bc4 Qb6 7.Nb3 e6 8.O-O Be7
9.a4 O-O 10.a5 Qc7 11.Be2 Bd7 12.f4 Nb4 13.Be3 Rfd8  1/2-1/2

[Event "BCF-ch"]
[Site "Brighton"]
[Date "1980.08.13"]
[Round "9"]
[White "Speelman, Jonathan S"]
[Black "Basman, Michael J"]
[Result "0-1"]
[WhiteElo "2490"]
[BlackElo "2405"]

1.e4 g5 2.d4 h6 3.h4 gxh4 4.Rxh4 d5 5.exd5 e6 6.Rh5 Nf6 7.dxe6 Bxe6 8.Nc3 Nxh5
9.Qxh5 Bb4 10.Ne2 Nc6 11.Be3 Qd7 12.a3 Bg4 13.Qb5 a6 14.Qd3 Bxc3+ 15.Qxc3 O-O-O
16.f3 Be6 17.O-O-O Ne7 18.Nf4 Nd5 19.Nxd5 Bxd5 20.Qd2 Qc6 21.Kb1 h5 22.Bg5 Rde8
23.Bf4 Bc4 24.Be5 Rhg8 25.d5 Bxd5 26.Qd4 Bb3 27.Bd3 Rd8 28.Qe3 Bc4 29.Qa7 Bxd3
30.cxd3 Qb6 31.Qxb6 cxb6 32.g3 Kd7 33.Bf4 Kc6 34.Rc1+ Kb5 35.Rc7 Rxd3 36.Rxf7 Rxf3
37.Rf5+ Kc4 38.Rxh5 Kb3 39.Rh1 Rf2 40.Bc1 Rxg3 41.Rh7 b5 42.Rc7 b6 43.Rc6 Rh3
44.Rg6 Rc2 45.Rg1 a5 46.Rg6 Rc5  0-1

[Event "BCF-ch"]
[Site "Brighton"]
[Date "1980.08.15"]
[Round "11"]
[White "Franklin, Michael J"]
[Black "Speelman, Jonathan S"]
[Result "0-1"]
[WhiteElo "2345"]
[BlackElo "2490"]

1.d4 g6 2.Nf3 Bg7 3.c3 d6 4.e4 Nf6 5.Bd3 O-O 6.O-O Nc6 7.h3 Nd7 8.Re1 e5
9.Bf1 h6 10.Na3 Re8 11.dxe5 Ndxe5 12.Nxe5 Nxe5 13.Nc4 Nxc4 14.Bxc4 Be6 15.Bf1 Bd7
16.f3 Qh4 17.Be3 Be5 18.Bf2 Qf6 19.Qd2 g5 20.Bd4 Qf4 21.Qxf4 gxf4 22.Bxe5 Rxe5
23.Red1 Kf8 24.Kf2 Ke7 25.Rd4 a5 26.a4 Rb8 27.c4 Rg8 28.b3 Be6 29.Rad1 Kf6
30.R1d2 Rg3 31.Rd1 Kg5 32.R1d2 h5 33.Rd1 h4 34.R1d2 Kf6 35.Ke1 Rg8 36.Kd1 Ke7
37.Kc1 Rd8 38.Kb2 b6 39.Kc3 f6 40.Rd1 Bf7 41.R4d2 Rg8 42.Rd3 Re8 43.Rd4 Be6
44.R4d2 Kf7 45.Rd4 Kg6 46.R1d2 Kg5 47.Re2 f5 48.Kd2 Bd7 49.exf5 Bxf5 50.Rxe5 Rxe5
51.Bd3 Re3 52.Bxf5 Kxf5 53.Rd5+ Ke6 54.Rd4 Rxb3 55.Rxf4 Rb2+ 56.Kd3 Rxg2
57.Rxh4 Ra2 58.Re4+ Kd7 59.Ke3 Rxa4 60.h4 Ra1 61.Kf4 a4 62.h5 a3 63.h6 Rh1  0-1

[Event "Berlin tt"]
[Site "Berlin-West"]
[Date "1980.??.??"]
[Round "?"]
[White "Giffard, Nicolas"]
[Black "Speelman, Jonathan S"]
[Result "0-1"]
[WhiteElo "2300"]
[BlackElo "2490"]

1.d4 Nf6 2.c4 e6 3.Nc3 Bb4 4.g3 O-O 5.Bg2 d5 6.Nf3 dxc4 7.O-O Nc6 8.Re1 Nd5
9.Qc2 Be7 10.e3 Ncb4 11.Qe2 Nd3 12.Rf1 c5 13.dxc5 Nxc3 14.bxc3 Qc7 15.Nd2 Qxc5
16.Qg4 Ne5 17.Qd4 Rd8 18.Qxc5 Bxc5 19.Rb1 Rb8 20.Ne4 Be7 21.Rb5 Nd3 22.Ra5 f5  0-1

[Event "Berlin tt"]
[Site "Berlin-West"]
[Date "1980.??.??"]
[Round "?"]
[White "Speelman, Jonathan S"]
[Black "Zichichi, Alvise"]
[Result "1/2-1/2"]
[WhiteElo "2490"]
[BlackElo "2395"]

1.c4 e6 2.Nc3 d5 3.d4 Nf6 4.cxd5 exd5 5.Bf4 c6 6.e3 Be7 7.Bd3 Nbd7 8.h3 Nf8
9.Nf3 Ne6 10.Be5 O-O 11.Qc2 g6 12.O-O-O b5 13.g4 Ng7 14.Kb1 a5 15.Rdg1 a4
16.h4 b4 17.Nxa4 Nxg4 18.h5 Rxa4 19.hxg6 hxg6 20.Qxa4 Nxf2 21.Bc2 Nxh1 22.Qxc6 Nf2
23.Rxg6 f6 24.Ng5 Qd7 25.Bxf6 Rxf6 26.Rxf6 Ng4 27.Qxd7 Bxd7 28.Rf7 Bxg5 29.Rxd7 Nxe3
30.Bg6 Kf8 31.Rf7+ Kg8 32.Rf3 Bh6 33.b3 Ng2 34.Bf7+ Kh7 35.Bxd5 Nf4 36.Be4+ Kg8
37.Rf2 Ne8 38.Rc2 Nd6 39.Bf3 Kf7 40.Rc6 Bf8 41.Rb6  1/2-1/2

[Event "Berlin tt"]
[Site "Berlin-West"]
[Date "1980.??.??"]
[Round "?"]
[White "Speelman, Jonathan S"]
[Black "Trauth, Michael"]
[Result "1-0"]
[WhiteElo "2490"]
[BlackElo "2200"]

1.c4 c5 2.Nf3 Nf6 3.Nc3 g6 4.e4 d6 5.d4 cxd4 6.Nxd4 Nc6 7.Be2 Nxd4 8.Qxd4 Bg7
9.Bg5 O-O 10.Qd2 Be6 11.O-O Qa5 12.Rac1 a6 13.Rc2 Rfc8 14.Rfc1 b5 15.Nd5 Qxd2
16.Bxd2 Nxd5 17.cxd5 Rxc2 18.Rxc2 Rc8 19.Bd3 Rxc2 20.Bxc2 Bd7 21.b3 Bd4 22.Kf1 Kf8
23.Ke2 Ke8 24.Bd3 e5 25.dxe6 Bxe6 26.Be3 Bc5 27.f4 f6 28.h3 Kd7 29.Bd2 Bd4
30.Bc2 Bf7 31.Kd3 Bb2 32.Bc3 Bxc3 33.Kxc3 a5 34.a3 Kc6 35.Bd3 g5 36.fxg5 fxg5
37.b4 Kb6 38.Kd4 h6 39.e5 dxe5+ 40.Kxe5 Be8 41.Be4 axb4 42.axb4 Kc7 43.Bf3 Kd7
44.Kd5 Kc7 45.Kc5 Bd7 46.Be2 Bc6 47.g3 Bg2 48.h4 gxh4 49.gxh4 Bc6 50.Bxb5 Bf3
51.Bc4 Bg2 52.Bd5 Bf1 53.Bc6 Be2 54.b5 Kd8 55.Kd6 Bc4 56.b6 Ba6 57.Ke6 Be2
58.Kf6 Kc8 59.Kg6 h5 60.Kg5 Kd8 61.Be8 Ba6 62.Bxh5 Ke7 63.Bf3 Kf7 64.h5 Bc8
65.h6 Kg8 66.Be4 Ba6 67.Kf6 Bc8 68.Ke7 Ba6 69.Kd6 Kf7 70.Kc7 Kf6 71.Bd3  1-0

[Event "Berlin tt"]
[Site "Berlin-West"]
[Date "1980.??.??"]
[Round "?"]
[White "Bouwmeester, Hans"]
[Black "Speelman, Jonathan S"]
[Result "0-1"]
[WhiteElo "2200"]
[BlackElo "2490"]

1.d4 Nf6 2.c4 e6 3.g3 d5 4.Bg2 Be7 5.Nf3 O-O 6.O-O dxc4 7.Qc2 a6 8.Qxc4 b5
9.Qc2 Bb7 10.Bf4 Nc6 11.Nbd2 Nd5 12.Nb3 Nxf4 13.gxf4 Nb4 14.Qc3 Be4 15.a3 Nd5
16.Qd2 Bd6 17.e3 f5 18.Ne1 Qh4 19.Bxe4 fxe4 20.f3 Qh3 21.fxe4 Nxe3 22.Rf3 Qg4+  0-1

[Event "Berlin tt"]
[Site "Berlin-West"]
[Date "1980.??.??"]
[Round "?"]
[White "Speelman, Jonathan S"]
[Black "Dunne, David Joseph"]
[Result "1/2-1/2"]
[WhiteElo "2490"]
[BlackElo "2290"]

1.d4 Nf6 2.c4 e6 3.Nc3 Bb4 4.e3 c5 5.Ne2 d5 6.a3 Bxc3+ 7.Nxc3 cxd4 8.exd4 dxc4
9.Bxc4 Nc6 10.Be3 O-O 11.O-O b6 12.Qd3 Bb7 13.Rad1 h6 14.Ba2 Ne7 15.Bf4 Nfd5
16.Bg3 Rc8 17.Rfe1 Ng6 18.f3 Qd7 19.h4 Rfd8 20.Ne4 Bc6 21.Qd2 Qe7 22.h5 Nf8
23.Rc1 Bb7 24.Qf2 Rxc1 25.Rxc1 f6 26.Bh2 f5 27.Bxd5 Bxd5 28.Rc7 Rd7 29.Rxd7 Qxd7
30.Nc3 Bc6 31.Be5 Nh7 32.Qg3 Ng5 33.Ne2 Qb7 34.Nf4 Be8 35.Kh2 Qd7 36.Qe1  1/2-1/2

[Event "Berlin tt"]
[Site "Berlin-West"]
[Date "1980.??.??"]
[Round "?"]
[White "Speelman, Jonathan S"]
[Black "De Bruycker, Bernard"]
[Result "1/2-1/2"]
[WhiteElo "2490"]
[BlackElo "2350"]

1.e4 c6 2.c4 d6 3.d4 e5 4.Nf3 Nd7 5.Nc3 g6 6.Be2 Bg7 7.d5 Qc7 8.Be3 Ngf6
9.Nd2 O-O 10.Rc1 a5 11.Na4 Qb8 12.Qb3 c5 13.g4 Rd8 14.h4 Nf8 15.Rg1 Bd7 16.Nb6 a4
17.Qc2 Ra6 18.Nxd7 Rxd7 19.Nb1 Ne8 20.g5 Nc7 21.a3 Qe8 22.Nc3 Rd8 23.Rb1 Rda8
24.Bc1 Nd7 25.h5 Ra5 26.hxg6 hxg6 27.b4 axb3 28.Rxb3 R8a7 29.Qb2 Qb8 30.Rg3 Nf8
31.Nb5 Nxb5 32.Rxb5 Rxb5 33.Qxb5 Qd8 34.Rb3 Nh7 35.Qb6 Qxb6 36.Rxb6 Bf8 37.f4 exf4
38.Bxf4 Be7 39.Bxd6 Bxd6 40.Rxd6 Nxg5 41.Rd8+ Kg7 42.e5 Rxa3 43.d6 Ra1+ 44.Kd2 Ra2+
45.Ke3 Ra3+ 46.Bd3 b5 47.Kd2 Nf3+ 48.Ke2 Nxe5 49.Be4 Ra2+ 50.Ke1 Ra1+ 51.Ke2 Ra2+
52.Ke1  1/2-1/2

[Event "Berlin tt"]
[Site "Berlin-West"]
[Date "1980.??.??"]
[Round "?"]
[White "Lau, Ralf"]
[Black "Speelman, Jonathan S"]
[Result "1/2-1/2"]
[WhiteElo "2410"]
[BlackElo "2490"]

1.e4 e5 2.Nf3 d6 3.d4 exd4 4.Nxd4 Nf6 5.Nc3 Be7 6.Be2 O-O 7.O-O c5 8.Nf3 a6
9.a4 Nc6 10.Re1 b6 11.Bf4 Ra7 12.Qd2 Rd7 13.Rad1 Re8 14.Bc4 Bf8 15.Nd5 Nxd5
16.Bxd5 Nb4 17.Bc4 d5 18.exd5 Rxe1+ 19.Rxe1 Nxd5 20.Ne5 Nxf4 21.Bxf7+ Kh8
22.Qxf4 Rd1 23.Qe3 Qd4  1/2-1/2

[Event "Berlin tt"]
[Site "Berlin-West"]
[Date "1980.??.??"]
[Round "?"]
[White "Kristiansen, Jens"]
[Black "Speelman, Jonathan S"]
[Result "1/2-1/2"]
[WhiteElo "2430"]
[BlackElo "2490"]

1.e4 c6 2.c4 d5 3.exd5 cxd5 4.d4 Nf6 5.Nc3 e6 6.Nf3 Bb4 7.Bd3 dxc4 8.Bxc4 O-O
9.O-O b6 10.Qe2 Bb7 11.Qd1 Bxc3 12.bxc3 Nd5 13.Qd3 Nd7 14.Bb3 Qc7 15.c4 Nf4
16.Qe3 e5 17.Nxe5 Nxg2 18.Qg3 Nxe5 19.dxe5 Rfe8 20.e6 Qxg3 21.exf7+ Kxf7
22.hxg3 Re1 23.Rxe1 Nxe1  1/2-1/2

[Event "Hastings8081"]
[Site "Hastings"]
[Date "1980.??.??"]
[Round "1"]
[White "Speelman, Jonathan S"]
[Black "Bellin, Robert"]
[Result "1-0"]
[WhiteElo "2490"]
[BlackElo "2440"]

1.d4 f5 2.g3 Nf6 3.Bg2 e6 4.Nd2 Be7 5.e4 fxe4 6.Nxe4 O-O 7.Ne2 Qe8 8.O-O Nc6
9.c3 Rb8 10.Nf4 Nxe4 11.Bxe4 d5 12.Bg2 Qf7 13.b4 Bd6 14.a4 Bd7 15.Ra2 Rbe8
16.Re2 b6 17.Rfe1 g5 18.Nd3 Qg7 19.b5 Nd8 20.Qb3 c5 21.dxc5 bxc5 22.c4 d4
23.Ba3 Rf5 24.Be4 Ref8 25.b6 Bc6 26.Bxc6 Nxc6 27.Rxe6 Ne5 28.Nxe5 Bxe5 29.bxa7 d3
30.Qxd3 Bd4 31.Qxf5 Rxf5 32.a8=Q+ Rf8  1-0

[Event "Hastings8081"]
[Site "Hastings"]
[Date "1980.??.??"]
[Round "3"]
[White "Speelman, Jonathan S"]
[Black "Peters, John A"]
[Result "1/2-1/2"]
[WhiteElo "2490"]
[BlackElo "2465"]

1.Nf3 c5 2.g3 Nc6 3.d4 cxd4 4.Nxd4 g6 5.e4 Bg7 6.Ne2 Nf6 7.Bg2 O-O 8.Nbc3 d6
9.O-O Bd7 10.h3 Rc8 11.Nd5 Nxd5 12.exd5 Ne5 13.a4 Qc7 14.c3 b5 15.f4 Nc4
16.axb5 Bxb5 17.Kh2 Qb6 18.Rf3 e5 19.dxe6 Bc6 20.exf7+ Rxf7 21.Rf1 Nxb2 22.Qxd6 Bxg2
23.Qxb6 axb6 24.Kxg2 Re7  1/2-1/2

[Event "Hastings8081"]
[Site "Hastings"]
[Date "1980.??.??"]
[Round "4"]
[White "Speelman, Jonathan S"]
[Black "Brito, Luizmar J"]
[Result "0-1"]
[WhiteElo "2490"]
[BlackElo "2255"]

1.e4 c5 2.Nf3 d6 3.d4 cxd4 4.Nxd4 Nf6 5.Nc3 a6 6.Be2 e5 7.Nb3 Be7 8.O-O Be6
9.f4 Qc7 10.Kh1 Nbd7 11.a4 b6 12.f5 Bc4 13.Nd2 Bxe2 14.Qxe2 Qb7 15.Nc4 Rc8
16.Bg5 h6 17.Bh4 O-O 18.Rad1 Rc6 19.Nd5 Nxd5 20.exd5 Rxc4 21.Qxc4 Rc8 22.Qe4 Bxh4
23.Qxh4 Nf6 24.Qb4 Rc5 25.Rf3 a5 26.Qb3 Qa6 27.h3 Rc4 28.Kh2 Ne4 29.Qe3 Nf6
30.b3 Rxc2 31.Rg3 Kh7 32.Rc1 Rc5 33.Rc4 Qc8 34.Rh4 Qf8 35.Qe2 Qc8 36.Qd2 Qf8
37.b4 Rxd5 38.Qe3 axb4 39.Qxb6 e4 40.a5 Rd1 41.a6 d5 42.a7 Ra1 43.Qc7 Qe8
44.Qb8 b3 45.Rxb3 Qa4 46.Rxh6+ gxh6 47.Rb7 Qe8 48.Qd6 Ng8 49.Qxd5 Rxa7 50.Rb6 Rd7
51.Qb5 e3 52.Rb8 Qe7 53.f6 Qd6+ 54.Kh1 Qd1+  0-1

[Event "Hastings8081"]
[Site "Hastings"]
[Date "1980.??.??"]
[Round "5"]
[White "Ftacnik, Lubomir"]
[Black "Speelman, Jonathan S"]
[Result "1/2-1/2"]
[WhiteElo "2470"]
[BlackElo "2490"]

1.Nf3 Nf6 2.c4 e6 3.g3 d5 4.d4 Be7 5.Bg2 O-O 6.O-O dxc4 7.Qc2 a6 8.Qxc4 b5
9.Qc2 Bb7 10.Bf4 Nc6 11.Rd1 Nb4 12.Qc1 Rc8 13.Nc3 Nbd5 14.Nxd5 Bxd5 15.Bg5 c5
16.Qf4 Qc7  1/2-1/2

[Event "Hastings8081"]
[Site "Hastings"]
[Date "1980.??.??"]
[Round "6"]
[White "Speelman, Jonathan S"]
[Black "Liberzon, Vladimir M"]
[Result "0-1"]
[WhiteElo "2490"]
[BlackElo "2545"]

1.c4 e5 2.Nc3 Nc6 3.g3 g6 4.Bg2 Bg7 5.Rb1 d6 6.b4 f5 7.b5 Nce7 8.e3 Nf6 9.Nge2 O-O
10.d3 a6 11.b6 c6 12.f4 h6 13.O-O Kh7 14.Qd2 Be6 15.Ba3 Re8 16.Rfd1 Bg8 17.Na4 Qd7
18.Bb2 exf4 19.gxf4 c5 20.Nac3 Rad8 21.e4 fxe4 22.Nxe4 Nxe4 23.dxe4 Bxb2
24.Qxb2 Bxc4 25.Ng3 Nc6 26.e5 Nd4 27.Ne4 Re6 28.Rxd4 cxd4 29.Qxd4 d5 30.Nc5 Qe7
31.Nxe6 Qxe6 32.a4 Rf8 33.Re1 h5 34.Re3 Qg4 35.e6 Rxf4 36.Qe5 Rf1+  0-1

[Event "Hastings8081"]
[Site "Hastings"]
[Date "1980.??.??"]
[Round "7"]
[White "Alburt, Lev O"]
[Black "Speelman, Jonathan S"]
[Result "1/2-1/2"]
[WhiteElo "2515"]
[BlackElo "2490"]

1.d4 Nf6 2.Nf3 e6 3.g3 d5 4.Bg2 Be7 5.O-O O-O 6.b3 a5 7.c4 a4 8.bxa4 dxc4
9.Qc2 Nc6 10.Qxc4 Nd5 11.Qb3 Nb6 12.Nc3 Nxd4 13.Nxd4 Qxd4 14.Be3 Qb4 15.Rfc1 Nc4
16.Bf4 c6 17.Rab1 Qxb3 18.axb3 e5 19.bxc4 exf4 20.gxf4 Rd8 21.Rd1 Rxd1+ 22.Rxd1 Be6
23.Bf1 Bxc4 24.Rd7 Bf6 25.Ne4 b5 26.axb5 cxb5 27.Rb7 h5  1/2-1/2

[Event "Hastings8081"]
[Site "Hastings"]
[Date "1980.??.??"]
[Round "8"]
[White "Speelman, Jonathan S"]
[Black "Andersson, Ulf"]
[Result "1/2-1/2"]
[WhiteElo "2490"]
[BlackElo "2590"]

1.d4 Nf6 2.c4 e6 3.g3 d5 4.Nf3 dxc4 5.Bg2 c5 6.Qa4+ Nbd7 7.O-O a6 8.Nc3 Rb8
9.Bf4 b5 10.Qd1 Rb6 11.d5 exd5 12.Nxd5 Nxd5 13.Qxd5 Bb7 14.Qd2 Be7 15.a4 Nf6
16.Qxd8+ Bxd8 17.Rfd1 Nd5 18.axb5 Nxf4 19.gxf4 Rxb5 20.Ne5 Bxg2 21.Kxg2 Bc7
22.Nxc4 Bxf4 23.Rxa6 O-O 24.Rd5 g6 25.Rc6 Bc1 26.Rdxc5 Rxc5 27.Rxc5 Rb8  1/2-1/2

[Event "Hastings8081"]
[Site "Hastings"]
[Date "1980.??.??"]
[Round "9"]
[White "Torre, Eugenio"]
[Black "Speelman, Jonathan S"]
[Result "1/2-1/2"]
[WhiteElo "2520"]
[BlackElo "2490"]

1.e4 e5 2.Nf3 Nf6 3.Nxe5 d6 4.Nf3 Nxe4 5.d4 Be7 6.Bd3 d5 7.O-O Bf5 8.Re1 Nc6
9.Nc3 Nxc3 10.bxc3 Bxd3 11.Qxd3 O-O 12.c4 Re8 13.cxd5 Qxd5 14.c4 Qd7 15.Be3 Bf6
16.Rad1 h6 17.h3 b6 18.Qc2 Na5 19.Nh2 Rad8 20.d5 Be7 21.Ng4 Bb4 22.Rf1 f5
23.Nh2 Re4 24.Rd4 Rde8 25.Nf3 Bc5 26.Rxe4 fxe4 27.Nd4 c6 28.Nb3 Nxb3 29.Qxb3 Bxe3
30.fxe3 cxd5 31.cxd5 Kh7 32.Rd1 Qd6 33.Qc4 Re5 34.Rd4 Rf5 35.Qc2 Re5 36.Qd1 b5
37.Qc2 a6 38.Qd1 Rg5 39.Qc2  1/2-1/2

[Event "Hastings8081"]
[Site "Hastings"]
[Date "1980.??.??"]
[Round "11"]
[White "Popovic, Petar"]
[Black "Speelman, Jonathan S"]
[Result "1/2-1/2"]
[WhiteElo "2490"]
[BlackElo "2490"]

1.e4 c5 2.Nf3 Nc6 3.d4 cxd4 4.Nxd4 e5 5.Nb5 a6 6.Nd6+ Bxd6 7.Qxd6 Qf6 8.Qd1 Qg6
9.Nc3 d5 10.Nxd5 Qxe4+ 11.Ne3 Be6 12.c3 Rd8 13.Qc2 Nf6 14.Be2 O-O 15.O-O Rd7
16.Bf3 Qxc2 17.Nxc2 Bd5 18.Be2 Be4 19.Na3 Bd3 20.Bxd3 Rxd3 21.h3 Nd5 22.Re1 f5
23.Nc4 e4 24.a4 h6 25.a5 Rd8 26.g3 Kf7 27.Kg2 Kf6 28.g4 g5 29.gxf5 Kxf5 30.Ne3+ Nxe3+
31.Bxe3 Ne5 32.Bb6 Nf3 33.Bxd8 Nxe1+ 34.Rxe1 Rxd8 35.Re2 Rd5 36.b4 Rd3 37.Rc2 Kf4
38.c4 Rb3 39.c5 Rxb4 40.c6 bxc6 41.Rxc6  1/2-1/2